01163nam0a22002171i 4500001001100000005001700011035002600028100004100054101000800095102000700103105001800110200054100128210002300669215001500692320004700707333007100754700005800825801001800883801002200901852002200923rc\346359420240726103931.0 a(NLR Aleph) 007887638 a20130115d1974 |||y0rusy50 ca0 arus aRU ay d |||||1 aИсследование некоторых вопросов проектирования структуры сопряжения вычислительных средств с каналами связи в системе автоматизации билетно-кассовых операцийe(На примере системы для ж.-д. транспорта)eАвтореф. дис. на соиск. учен. степени канд. техн. наукfЕреван. науч.-исслед. ин-т мат. машин aЕреванd1974 a23 с.d22 aСписок работ авт.: с. 22-23 aДля служебного пользования. Экз. № 55 1aОганянbР.В.gРудольф Вачеевич 0aRUbNLRgpsbo 1aRUbELAR2rusmarc aNLRj74-50К/2047